书目信息 |
| 题名: |
工业电子学习题集
|
|
| 作者: | 李士雄 主编 | |
| 分册: | ||
| 出版信息: | 北京 高等教育出版社 1965 |
|
| 页数: | 204页 | |
| 开本: | 21cm | |
| 丛书名: | ||
| 单 册: | ||
| 中图分类: | O46 | |
| 科图分类: | ||
| 主题词: | 真空电子学 , 电子物理学 | |
| 电子资源: | ||
| ISBN: | ||
| 000 | 00556nam0 2200205 450 | |
| 001 | 0633660527 | |
| 005 | 20060523092214.43 | |
| 010 | @dCNY0.80 | |
| 100 | @a20060523d1965 km y0chiy0120 ea | |
| 101 | 0 | @achi |
| 102 | @aCN@b110000 | |
| 200 | 1 | @a工业电子学习题集@Agong ye dian zi xue xi ti ji@f李士雄主编@Fli shi xiong zhu bian |
| 210 | @a北京@c高等教育出版社@d1965 | |
| 215 | 1 | @a204页@d21cm |
| 606 | 0 | @a真空电子学 |
| 606 | 0 | @a电子物理学 |
| 690 | @aO46@v4 | |
| 701 | 0 | @a李士雄@Ali shi xiong@4主编 |
| 801 | 0 | @aCN@bPFT@c20060523 |
| 905 | @a10447@dO46@e5 | |
| 工业电子学习题集/李士雄主编.-北京:高等教育出版社,1965 |
| 204页;21cm |
| ISBN :CNY0.80 |
| ● |
| 相关链接 |
|
|
|
|
正题名:工业电子学习题集
索取号:O46/5
 
预约/预借
| 序号 | 登录号 | 条形码 | 馆藏地/架位号 | 状态 | 备注 |
| 1 | 0010134 | 202342606 | 密集书库/ [索取号:O46/5] | 在馆 |